<?xml version="1.0" encoding="UTF-8"?>
<record
    xmlns:xsi="http://www.w3.org/2001/XMLSchema-instance"
    xsi:schemaLocation="http://www.loc.gov/MARC21/slim http://www.loc.gov/standards/marcxml/schema/MARC21slim.xsd"
    xmlns="http://www.loc.gov/MARC21/slim">

  <leader>00628nam a22002057a 4500</leader>
  <controlfield tag="003">OSt</controlfield>
  <controlfield tag="005">20260609122418.0</controlfield>
  <controlfield tag="008">260609b        |||||||| |||| 00| 0 eng d</controlfield>
  <datafield tag="020" ind1=" " ind2=" ">
    <subfield code="a">00-325-00562-1</subfield>
  </datafield>
  <datafield tag="040" ind1=" " ind2=" ">
    <subfield code="c">Chuka University Library</subfield>
  </datafield>
  <datafield tag="050" ind1=" " ind2=" ">
    <subfield code="a">LB 1573.3</subfield>
    <subfield code="b">.P5 2003</subfield>
  </datafield>
  <datafield tag="100" ind1=" " ind2=" ">
    <subfield code="a">Pinnel su gay</subfield>
    <subfield code="9">27907</subfield>
  </datafield>
  <datafield tag="245" ind1=" " ind2=" ">
    <subfield code="a">Phonics lessons, letters ,words and how they work grade2</subfield>
  </datafield>
  <datafield tag="260" ind1=" " ind2=" ">
    <subfield code="a">United state of America</subfield>
    <subfield code="b">Firsthand</subfield>
    <subfield code="c">2003</subfield>
  </datafield>
  <datafield tag="300" ind1=" " ind2=" ">
    <subfield code="a">486</subfield>
    <subfield code="b">Illustrations</subfield>
  </datafield>
  <datafield tag="650" ind1=" " ind2=" ">
    <subfield code="2">English language-phonetics</subfield>
  </datafield>
  <datafield tag="650" ind1=" " ind2=" ">
    <subfield code="a">Reading-phonetic method</subfield>
    <subfield code="9">13914</subfield>
  </datafield>
  <datafield tag="700" ind1=" " ind2=" ">
    <subfield code="a">Irene c. fountas(author)</subfield>
    <subfield code="9">27913</subfield>
  </datafield>
  <datafield tag="942" ind1=" " ind2=" ">
    <subfield code="2">lcc</subfield>
    <subfield code="c">BK</subfield>
    <subfield code="n">0</subfield>
  </datafield>
  <datafield tag="952" ind1=" " ind2=" ">
    <subfield code="0">0</subfield>
    <subfield code="1">0</subfield>
    <subfield code="2">lcc</subfield>
    <subfield code="4">0</subfield>
    <subfield code="7">0</subfield>
    <subfield code="8">LGL</subfield>
    <subfield code="a">CHK</subfield>
    <subfield code="b">CHK</subfield>
    <subfield code="c">GEN</subfield>
    <subfield code="d">2026-06-09</subfield>
    <subfield code="e">Donations from books for Africa</subfield>
    <subfield code="l">0</subfield>
    <subfield code="o">LB 1573.3 .P5 2003</subfield>
    <subfield code="p">33494/2026</subfield>
    <subfield code="r">2026-06-09 12:27:36</subfield>
    <subfield code="t">1</subfield>
    <subfield code="v">1572.00</subfield>
    <subfield code="w">2026-06-09</subfield>
    <subfield code="y">BK</subfield>
  </datafield>
  <datafield tag="952" ind1=" " ind2=" ">
    <subfield code="0">0</subfield>
    <subfield code="1">0</subfield>
    <subfield code="2">lcc</subfield>
    <subfield code="4">0</subfield>
    <subfield code="7">0</subfield>
    <subfield code="8">LGL</subfield>
    <subfield code="a">CHK</subfield>
    <subfield code="b">CHK</subfield>
    <subfield code="c">GEN</subfield>
    <subfield code="d">2026-06-09</subfield>
    <subfield code="e">Donations from books for Africa</subfield>
    <subfield code="l">0</subfield>
    <subfield code="o">LB 1573.3 .P54 2003</subfield>
    <subfield code="p">33522/2026</subfield>
    <subfield code="r">2026-06-09 12:30:59</subfield>
    <subfield code="t">2</subfield>
    <subfield code="v">1572.00</subfield>
    <subfield code="w">2026-06-09</subfield>
    <subfield code="y">BK</subfield>
  </datafield>
  <datafield tag="952" ind1=" " ind2=" ">
    <subfield code="0">0</subfield>
    <subfield code="1">0</subfield>
    <subfield code="2">lcc</subfield>
    <subfield code="4">0</subfield>
    <subfield code="7">0</subfield>
    <subfield code="8">LGL</subfield>
    <subfield code="a">CHK</subfield>
    <subfield code="b">CHK</subfield>
    <subfield code="c">GEN</subfield>
    <subfield code="d">2026-06-09</subfield>
    <subfield code="e">Donations from books for Africa</subfield>
    <subfield code="l">0</subfield>
    <subfield code="o">LB 1573.3 .P54 2003</subfield>
    <subfield code="p">33521/2026</subfield>
    <subfield code="r">2026-06-09 12:33:31</subfield>
    <subfield code="t">3</subfield>
    <subfield code="v">1572.00</subfield>
    <subfield code="w">2026-06-09</subfield>
    <subfield code="y">BK</subfield>
  </datafield>
  <datafield tag="952" ind1=" " ind2=" ">
    <subfield code="0">0</subfield>
    <subfield code="1">0</subfield>
    <subfield code="2">lcc</subfield>
    <subfield code="4">0</subfield>
    <subfield code="7">0</subfield>
    <subfield code="8">LGL</subfield>
    <subfield code="a">CHK</subfield>
    <subfield code="b">CHK</subfield>
    <subfield code="c">GEN</subfield>
    <subfield code="d">2026-06-09</subfield>
    <subfield code="e">Donations from books for Africa</subfield>
    <subfield code="l">0</subfield>
    <subfield code="o">LB 1573.3 .P54 2003</subfield>
    <subfield code="p">33495/2026</subfield>
    <subfield code="r">2026-06-09 12:34:34</subfield>
    <subfield code="t">4</subfield>
    <subfield code="v">1572.00</subfield>
    <subfield code="w">2026-06-09</subfield>
    <subfield code="y">BK</subfield>
  </datafield>
  <datafield tag="952" ind1=" " ind2=" ">
    <subfield code="0">0</subfield>
    <subfield code="1">0</subfield>
    <subfield code="2">lcc</subfield>
    <subfield code="4">0</subfield>
    <subfield code="7">0</subfield>
    <subfield code="8">LGL</subfield>
    <subfield code="a">CHK</subfield>
    <subfield code="b">CHK</subfield>
    <subfield code="c">GEN</subfield>
    <subfield code="d">2026-06-09</subfield>
    <subfield code="e">Donations from books for Africa</subfield>
    <subfield code="l">0</subfield>
    <subfield code="o">LB 1573.3 .P54 2003</subfield>
    <subfield code="p">33493/2026</subfield>
    <subfield code="r">2026-06-09 12:35:31</subfield>
    <subfield code="t">5</subfield>
    <subfield code="v">1572.00</subfield>
    <subfield code="w">2026-06-09</subfield>
    <subfield code="y">BK</subfield>
  </datafield>
  <datafield tag="999" ind1=" " ind2=" ">
    <subfield code="c">23639</subfield>
    <subfield code="d">23639</subfield>
  </datafield>
</record>
